{"text_format":"3","workbook":"xlsx","n_sheets":1,"sheets":["t114"],"read":"whole","date_system":"1900"}

{"sheet":"t114","index":0,"n_rows":154,"n_cols":7,"rows_kept":154,"merged":[[0,0,0,6],[30,0,30,5],[44,0,44,5],[134,0,134,5]]}
["TABELA 114.1 - Estatísticas Agrícolas, Município de Canas, Estado de São Paulo, 2007/08."]
["ITEM","UNIDADE","N.DE UPAs","MÍNIMO","MÉDIO","MÁXIMO","TOTAL"]
["Distância à sede do município","km",95,0.5,{"v":5.27,"d":"5.3"},{"v":21,"d":"21.0"},"-"]
["Área total","hectare",95,0.6,{"v":75.09,"d":"75.1"},{"v":503,"d":"503.0"},{"v":7133.2,"d":"7,133.2"}]
["Área com cultura perene","hectare",30,0.1,{"v":0.38,"d":"0.4"},{"v":2,"d":"2.0"},11.4]
["Área com cultura temporária","hectare",76,0.1,{"v":6.63,"d":"6.6"},56.1,503.8]
["Área com pastagem","hectare",72,0.6,{"v":82.83,"d":"82.8"},{"v":491,"d":"491.0"},{"v":5963.6,"d":"5,963.6"}]
["Área com reflorestamento","hectare",9,0.1,24.2,{"v":120,"d":"120.0"},217.8]
["Área com vegetação natural","hectare",31,0.1,{"v":8.64,"d":"8.6"},52.5,267.9]
["Área com vegetação de brejo e várzea","hectare",49,0.2,{"v":2.28,"d":"2.3"},10.4,111.6]
["Área em descanso","hectare",1,1.5,1.5,1.5,1.5]
["Área complementar","hectare",87,0.1,{"v":0.64,"d":"0.6"},{"v":9,"d":"9.0"},55.6]
["Área das UPAs com (0, 1] ha","hectare",1,0.6,0.6,0.6,0.6]
["Área das UPAs com (1, 2] ha","hectare",3,1.4,{"v":1.57,"d":"1.6"},1.8,4.7]
["Área das UPAs com (2, 5] ha","hectare",18,2.1,{"v":3.61,"d":"3.6"},{"v":5,"d":"5.0"},{"v":65,"d":"65.0"}]
["Área das UPAs com (5, 10] ha","hectare",9,6.2,{"v":8.14,"d":"8.1"},{"v":10,"d":"10.0"},73.3]
["Área das UPAs com (10, 20] ha","hectare",11,10.1,{"v":15.39,"d":"15.4"},{"v":20,"d":"20.0"},169.3]
["Área das UPAs com (20, 50] ha","hectare",15,20.5,{"v":29.95,"d":"30.0"},{"v":40,"d":"40.0"},449.2]
["Área das UPAs com (50, 100] ha","hectare",16,50.2,{"v":67.95,"d":"68.0"},89.5,{"v":1087.2,"d":"1,087.2"}]
["Área das UPAs com (100, 200] ha","hectare",10,101.6,{"v":138,"d":"138.0"},183.8,{"v":1380,"d":"1,380.0"}]
["Área das UPAs com (200, 500] ha","hectare",11,218.6,{"v":309.17,"d":"309.2"},406.5,{"v":3400.9,"d":"3,400.9"}]
["Área das UPAs com (500, 1.000] ha","hectare",1,{"v":503,"d":"503.0"},{"v":503,"d":"503.0"},{"v":503,"d":"503.0"},{"v":503,"d":"503.0"}]
["Área das UPAs com (1.000, 2.000] ha","hectare","-","-","-","-","-"]
["Área das UPAs com (2.000, 5.000] ha","hectare","-","-","-","-","-"]
["Área das UPAs com (5.000, 10.000] ha","hectare","-","-","-","-","-"]
["Área das UPAs acima de 10.000 ha","hectare","-","-","-","-","-"]
["Familiares do proprietário que trabalham na UPA","unidade",49,{"v":1,"d":"1.0"},{"v":1.78,"d":"1.8"},{"v":7,"d":"7.0"},{"v":87,"d":"87.0"}]
["Trabalhadores permanentes","unidade",79,{"v":1,"d":"1.0"},{"v":2.52,"d":"2.5"},{"v":10,"d":"10.0"},{"v":199,"d":"199.0"}]
["Fonte: Secretaria de Agricultura e Abastecimento, CDRS/IEA, Projeto LUPA."]
[]
["TABELA 114.2 - Explorações Animais, Município de Canas, Estado de São Paulo, 2007/08."]
["ITEM","UNIDADE","N.DE UPAs","MÍNIMO","MÉDIO","MÁXIMO","TOTAL"]
["Asininos E Muares","cabeças",1,{"v":2,"d":"2.0"},{"v":2,"d":"2.0"},{"v":2,"d":"2.0"},{"v":2,"d":"2.0"}]
["Avicultura para Ovos","cabeças",46,{"v":10,"d":"10.0"},{"v":44.24,"d":"44.2"},{"v":150,"d":"150.0"},{"v":2035,"d":"2,035.0"}]
["Bovinocultura de Corte","cabeças",6,{"v":6,"d":"6.0"},{"v":86.17,"d":"86.2"},{"v":300,"d":"300.0"},{"v":517,"d":"517.0"}]
["Bovinocultura Leiteira","cabeças",36,{"v":1,"d":"1.0"},{"v":77.22,"d":"77.2"},{"v":350,"d":"350.0"},{"v":2780,"d":"2,780.0"}]
["Bovinocultura Mista","cabeças",26,{"v":10,"d":"10.0"},{"v":116.42,"d":"116.4"},{"v":350,"d":"350.0"},{"v":3027,"d":"3,027.0"}]
["Carcinocultura","pós-larvas",1,{"v":10,"d":"10.0"},{"v":10,"d":"10.0"},{"v":10,"d":"10.0"},{"v":10,"d":"10.0"}]
["Equinocultura","cabeças",54,{"v":1,"d":"1.0"},{"v":3.83,"d":"3.8"},{"v":12,"d":"12.0"},{"v":207,"d":"207.0"}]
["Ovinocultura","cabeças",1,{"v":21,"d":"21.0"},{"v":21,"d":"21.0"},{"v":21,"d":"21.0"},{"v":21,"d":"21.0"}]
["Piscicultura","m² tanques",2,{"v":634,"d":"634.0"},{"v":10317,"d":"10,317.0"},{"v":20000,"d":"20,000.0"},{"v":20634,"d":"20,634.0"}]
["Suinocultura","cabeças",21,{"v":2,"d":"2.0"},{"v":7.48,"d":"7.5"},{"v":45,"d":"45.0"},{"v":157,"d":"157.0"}]
["Fonte: Secretaria de Agricultura e Abastecimento, CDRS/IEA, Projeto LUPA."]
[]
["TABELA 114.3 -  Máquinas, Implementos e Benfeitorias, Município de Canas, Estado de São Paulo, 2007/08."]
["ITEM","UNIDADE","N.DE UPAs","MÍNIMO","MÉDIO","MÁXIMO","TOTAL"]
["Arado Comum (Bacia, Aiveca)","Unidade",23,{"v":1,"d":"1.0"},{"v":1.39,"d":"1.4"},{"v":7,"d":"7.0"},{"v":32,"d":"32.0"}]
["Arado Escarificador","Unidade",5,{"v":1,"d":"1.0"},1.6,{"v":3,"d":"3.0"},{"v":8,"d":"8.0"}]
["Carregadeira de Cana","Unidade",2,{"v":1,"d":"1.0"},1.5,{"v":2,"d":"2.0"},{"v":3,"d":"3.0"}]
["Colhedeira Acoplada","Unidade",1,{"v":1,"d":"1.0"},{"v":1,"d":"1.0"},{"v":1,"d":"1.0"},{"v":1,"d":"1.0"}]
["Colhedeira Automotriz","Unidade",4,{"v":1,"d":"1.0"},{"v":1.25,"d":"1.3"},{"v":2,"d":"2.0"},{"v":5,"d":"5.0"}]
["Conj.Irrigação Pivot Central","Unidade",1,{"v":1,"d":"1.0"},{"v":1,"d":"1.0"},{"v":1,"d":"1.0"},{"v":1,"d":"1.0"}]
["Conj.Irrigação/Gotejamento/Microaspersão","Unidade",1,{"v":1,"d":"1.0"},{"v":1,"d":"1.0"},{"v":1,"d":"1.0"},{"v":1,"d":"1.0"}]
["Desintegrador, Picador, Triturador","Unidade",51,{"v":1,"d":"1.0"},{"v":1.24,"d":"1.2"},{"v":3,"d":"3.0"},{"v":63,"d":"63.0"}]
["Ensiladeira","Unidade",1,{"v":1,"d":"1.0"},{"v":1,"d":"1.0"},{"v":1,"d":"1.0"},{"v":1,"d":"1.0"}]
["Grade Aradora (Tipo Romi)","Unidade",4,{"v":2,"d":"2.0"},{"v":2.25,"d":"2.3"},{"v":3,"d":"3.0"},{"v":9,"d":"9.0"}]
["Grade Niveladora","Unidade",3,{"v":1,"d":"1.0"},{"v":1.67,"d":"1.7"},{"v":3,"d":"3.0"},{"v":5,"d":"5.0"}]
["Implementos para Tração Animal","Unidade",4,{"v":1,"d":"1.0"},{"v":1.25,"d":"1.3"},{"v":2,"d":"2.0"},{"v":5,"d":"5.0"}]
["Microtrator","Unidade",1,{"v":1,"d":"1.0"},{"v":1,"d":"1.0"},{"v":1,"d":"1.0"},{"v":1,"d":"1.0"}]
["Ordenhadeira Mecânica","Unidade",7,{"v":1,"d":"1.0"},{"v":1,"d":"1.0"},{"v":1,"d":"1.0"},{"v":7,"d":"7.0"}]
["Resfriador de Leite, Tanque Expansão","Unidade",26,{"v":1,"d":"1.0"},{"v":1.08,"d":"1.1"},{"v":2,"d":"2.0"},{"v":28,"d":"28.0"}]
["Roçadeira Tratorizada","Unidade",1,{"v":1,"d":"1.0"},{"v":1,"d":"1.0"},{"v":1,"d":"1.0"},{"v":1,"d":"1.0"}]
["Semeadeira/Adubadeira para Plantio Convencional","Unidade",1,{"v":1,"d":"1.0"},{"v":1,"d":"1.0"},{"v":1,"d":"1.0"},{"v":1,"d":"1.0"}]
["Trator de Pneus","Unidade",21,{"v":1,"d":"1.0"},{"v":1.43,"d":"1.4"},{"v":3,"d":"3.0"},{"v":30,"d":"30.0"}]
["Açude/Represa","Unidade",17,{"v":1,"d":"1.0"},{"v":2.41,"d":"2.4"},{"v":8,"d":"8.0"},{"v":41,"d":"41.0"}]
["Alambique","Unidade",1,{"v":1,"d":"1.0"},{"v":1,"d":"1.0"},{"v":1,"d":"1.0"},{"v":1,"d":"1.0"}]
["Almoxarifado/Oficina","Unidade",8,{"v":1,"d":"1.0"},{"v":1,"d":"1.0"},{"v":1,"d":"1.0"},{"v":8,"d":"8.0"}]
["Balança para Bovinos","Unidade",1,{"v":1,"d":"1.0"},{"v":1,"d":"1.0"},{"v":1,"d":"1.0"},{"v":1,"d":"1.0"}]
["Barracão/Galpão/Garagem","Unidade",35,{"v":1,"d":"1.0"},{"v":1.29,"d":"1.3"},{"v":2,"d":"2.0"},{"v":45,"d":"45.0"}]
["Casa de Moradia Habitada","Unidade",82,{"v":1,"d":"1.0"},2.1,{"v":6,"d":"6.0"},{"v":172,"d":"172.0"}]
["Casa de Moradia Total","Unidade",83,{"v":1,"d":"1.0"},2.9,{"v":8,"d":"8.0"},{"v":241,"d":"241.0"}]
["Curral/Mangueira","Unidade",60,{"v":1,"d":"1.0"},1.3,{"v":3,"d":"3.0"},{"v":78,"d":"78.0"}]
["Depósito/Tulha","Unidade",47,{"v":1,"d":"1.0"},{"v":1.06,"d":"1.1"},{"v":2,"d":"2.0"},{"v":50,"d":"50.0"}]
["Estábulo","Unidade",17,{"v":1,"d":"1.0"},{"v":1.06,"d":"1.1"},{"v":2,"d":"2.0"},{"v":18,"d":"18.0"}]
["Estufa/Plasticultura","m²",1,{"v":1,"d":"1.0"},{"v":1,"d":"1.0"},{"v":1,"d":"1.0"},{"v":1,"d":"1.0"}]
["Fábrica de Ração","Unidade",5,{"v":1,"d":"1.0"},{"v":1,"d":"1.0"},{"v":1,"d":"1.0"},{"v":5,"d":"5.0"}]
["Instalações para Equinos","Unidade",8,{"v":1,"d":"1.0"},{"v":1,"d":"1.0"},{"v":1,"d":"1.0"},{"v":8,"d":"8.0"}]
["Máquina de Benefício","Unidade",1,{"v":1,"d":"1.0"},{"v":1,"d":"1.0"},{"v":1,"d":"1.0"},{"v":1,"d":"1.0"}]
["Pocilga","Unidade",3,{"v":1,"d":"1.0"},{"v":1,"d":"1.0"},{"v":1,"d":"1.0"},{"v":3,"d":"3.0"}]
["Poço Semi-Artesiano","Unidade",2,{"v":1,"d":"1.0"},{"v":1,"d":"1.0"},{"v":1,"d":"1.0"},{"v":2,"d":"2.0"}]
["Secador de Grãos","Unidade",4,{"v":1,"d":"1.0"},{"v":1.25,"d":"1.3"},{"v":2,"d":"2.0"},{"v":5,"d":"5.0"}]
["Silo para Silagem","t",5,{"v":300,"d":"300.0"},{"v":560,"d":"560.0"},{"v":800,"d":"800.0"},{"v":2800,"d":"2,800.0"}]
["Terreiro","m²",2,{"v":1,"d":"1.0"},{"v":1,"d":"1.0"},{"v":1,"d":"1.0"},{"v":2,"d":"2.0"}]
["Fonte: Secretaria de Agricultura e Abastecimento, CDRS/IEA, Projeto LUPA."]
[]
["TABELA 114.4 - Outras Estatísticas Agrícolas, Município de Canas, Estado de São Paulo, 2007/08."]
["ITEM","Número de UPAs",null,"Percentual"]
["Faz Parte de Associação de Produtores",72,null,{"v":75.78947368421053,"d":"75.8"}]
["Faz Parte de Cooperativa de Produtores",34,null,{"v":35.78947368421053,"d":"35.8"}]
["Faz Parte do Sindicato de Produtores",53,null,{"v":55.78947368421053,"d":"55.8"}]
["Não utiliza assistência técnica ",73,null,{"v":76.84210526315789,"d":"76.8"}]
["Utiliza somente assistência técnica governamental ",2,null,{"v":2.1052631578947367,"d":"2.1"}]
["Utiliza somente assistência técnica privada ",20,null,{"v":21.05263157894737,"d":"21.1"}]
["Utiliza assistência técnica tanto governamental quanto privada","-",null,"-"]
["Utiliza Crédito Rural",1,null,{"v":1.0526315789473684,"d":"1.1"}]
["Utiliza Seguro Rural",1,null,{"v":1.0526315789473684,"d":"1.1"}]
["Utiliza Escrituração Agrícola",2,null,{"v":2.1052631578947367,"d":"2.1"}]
["Acessa Internet p/ Fins na Agropecuária",3,null,{"v":3.1578947368421058,"d":"3.2"}]
["Utiliza Computador nas Atividades Agropecuárias","-",null,"-"]
["Utiliza Energia Elétrica Para Uso na Atividade Agrícola",77,null,{"v":81.05263157894736,"d":"81.1"}]
["Realiza Análise de Solo, quando necessário",22,null,{"v":23.157894736842106,"d":"23.2"}]
["Utiliza Práticas de Conservação de Solo, quando necessário",21,null,{"v":22.105263157894736,"d":"22.1"}]
["Faz Adubação Mineral, quando necessário",26,null,{"v":27.36842105263158,"d":"27.4"}]
["Faz Adubação Orgânica, quando necessário",66,null,{"v":69.47368421052632,"d":"69.5"}]
["Faz Adubação Verde, quando necessário",1,null,{"v":1.0526315789473684,"d":"1.1"}]
["Utiliza Manejo Integrado de Pragas (MIP)",2,null,{"v":2.1052631578947367,"d":"2.1"}]
["Utiliza Hidroponia","-",null,"-"]
["Utiliza Plasticultura",1,null,{"v":1.0526315789473684,"d":"1.1"}]
["Utiliza Mudas Fiscalizadas",5,null,{"v":5.2631578947368425,"d":"5.3"}]
["Utiliza Semente Melhorada",13,null,{"v":13.68421052631579,"d":"13.7"}]
["Faz Confinamento de Bovinos","-",null,"-"]
["Utiliza Pastejo Intensivo","-",null,"-"]
["Faz Inseminação Artificial",2,null,{"v":2.1052631578947367,"d":"2.1"}]
["Faz Mineralização do Rebanho",65,null,{"v":68.42105263157895,"d":"68.4"}]
["Faz Vermifugação do Rebanho",65,null,{"v":68.42105263157895,"d":"68.4"}]
["Possui Parceiros /Arrendatários na Exploração Animal",14,null,{"v":14.736842105263158,"d":"14.7"}]
["Esporte e lazer","-",null,"-"]
["Extração mineral",1,null,{"v":1.0526315789473684,"d":"1.1"}]
["Hotel Fazenda, Pousada ou SPA","-",null,"-"]
["Pesque-pague",1,null,{"v":1.0526315789473684,"d":"1.1"}]
["Restaurante ou Lanchonete","-",null,"-"]
["Transformação artesanal","-",null,"-"]
["Turismo rural ou ecoturismo","-",null,"-"]
["Outras atividades econômicas rurais","-",null,"-"]
["Agroindústria",1,null,{"v":1.0526315789473684,"d":"1.1"}]
["Proprietário sem instrução ou com instrução incompleta",2,null,{"v":2.1052631578947367,"d":"2.1"}]
["Proprietário com antigo primário completo",28,null,{"v":29.473684210526315,"d":"29.5"}]
["Proprietário com 1° grau (ou antigo ginasial) completo",33,null,{"v":34.73684210526316,"d":"34.7"}]
["Proprietário com 2° grau (ou antigo colegial) completo",8,null,{"v":8.421052631578947,"d":"8.4"}]
["Proprietário com curso superior completo ",23,null,{"v":24.210526315789476,"d":"24.2"}]
["Pessoa Jurídica",1,null,{"v":1.0526315789473684,"d":"1.1"}]
["Proprietário residente na própria UPA ",26,null,{"v":27.36842105263158,"d":"27.4"}]
["Fonte: Secretaria de Agricultura e Abastecimento, CDRS/IEA, Projeto LUPA."]
[]
["TABELA 114.5 - Área Cultivada, Município de Canas, Estado de São Paulo, 2007/08."]
["CULTURA","N.DE UPAs","MÍNIMO","MÉDIO","MÁXIMO","TOTAL"]
["Braquiaria",55,0.8,76.9,{"v":351,"d":"351.0"},{"v":4229.6,"d":"4,229.6"}]
["Outras gramineas para pastagem",31,0.3,{"v":32.99,"d":"33.0"},{"v":332,"d":"332.0"},{"v":1022.6,"d":"1,022.6"}]
["Capim-gordura",32,0.1,{"v":17.38,"d":"17.4"},{"v":70,"d":"70.0"},556.2]
["Arroz",32,1.5,{"v":13.75,"d":"13.8"},56.1,440.1]
["Eucalipto",9,0.1,{"v":24.09,"d":"24.1"},{"v":120,"d":"120.0"},216.8]
["Gramas",11,0.3,8.5,{"v":45,"d":"45.0"},93.5]
["Capim-napier (ou capim-elefante)",54,0.1,{"v":1.14,"d":"1.1"},{"v":5,"d":"5.0"},61.7]
["Cana-de-acucar",40,0.1,{"v":1.26,"d":"1.3"},{"v":7,"d":"7.0"},50.5]
["Milho",15,0.1,{"v":0.95,"d":"1.0"},4.5,14.3]
["Pomar domestico",28,0.1,0.3,{"v":1,"d":"1.0"},8.4]
["Horta domestica",13,0.1,{"v":0.25,"d":"0.3"},{"v":1,"d":"1.0"},3.3]
["Banana",3,0.5,{"v":1,"d":"1.0"},{"v":2,"d":"2.0"},{"v":3,"d":"3.0"}]
["Abobora (ou jerimum)",3,0.1,{"v":0.57,"d":"0.6"},1.5,1.7]
["Pinus",1,{"v":1,"d":"1.0"},{"v":1,"d":"1.0"},{"v":1,"d":"1.0"},{"v":1,"d":"1.0"}]
["Alface",3,0.2,0.3,0.5,0.9]
["Tomate envarado",2,0.1,0.2,0.3,0.4]
["Mandioquinha",1,0.2,0.2,0.2,0.2]
["Fonte: Secretaria de Agricultura e Abastecimento, CDRS/IEA, Projeto LUPA."]